A snowy robin rescue / (Record no. 884)

MARC details
000 -LEADER
fixed length control field 01007nam a22002297a 4500
005 - DATE AND TIME OF LATEST TRANSACTION
control field 20250508144631.0
020 ## - INTERNATIONAL STANDARD BOOK NUMBER
International Standard Book Number 9781407147536
040 ## - CATALOGING SOURCE
Original cataloging agency FISKH
Language of cataloging eng
Transcribing agency FISKH
Modifying agency FISKH
082 ## - DEWEY DECIMAL CLASSIFICATION NUMBER
Classification number 823.92
100 ## - MAIN ENTRY--PERSONAL NAME
Personal name Kelly, Mary
245 ## - TITLE STATEMENT
Title A snowy robin rescue /
Statement of responsibility, etc. by Mary Kelly ; illustrated by Jon Davis.
260 ## - PUBLICATION, DISTRIBUTION, ETC.
Place of publication, distribution, etc. London :
Name of publisher, distributor, etc. Scholastic,
Date of publication, distribution, etc. 2014.
300 ## - PHYSICAL DESCRIPTION
Extent 139 pages :
Other physical details illustrations ;
Dimensions 20 cm.
505 ## - FORMATTED CONTENTS NOTE
Formatted contents note W
520 ## - SUMMARY, ETC.
Summary, etc. Evan and Hannah have found a robin in the snow. It's not moving, and they soon realize that the tiny robin is stuck! They call the RSPCA and an inspector arrives to help. It's snowing heavily and they need to act fast. Can the RSPCA perform a snowy robin rescue? An exciting, inspiring story based on a real-life animal rescue. With illustrations throughout and lots of facts about robins and the RSPCA.
521 ## - TARGET AUDIENCE NOTE
Target audience note 820
Source Lexile estimate
521 ## - TARGET AUDIENCE NOTE
Target audience note W
Source Raz-Plus
650 ## - SUBJECT ADDED ENTRY--TOPICAL TERM
Topical term or geographic name entry element Animals
Form subdivision Fiction.
650 ## - SUBJECT ADDED ENTRY--TOPICAL TERM
Topical term or geographic name entry element Animals
Form subdivision Fiction.
942 ## - ADDED ENTRY ELEMENTS (KOHA)
Source of classification or shelving scheme Dewey Decimal Classification
Koha item type Books
Suppress in OPAC No
999 ## -
-- 884
-- 884
Holdings
Withdrawn status Lost status Source of classification or shelving scheme Damaged status Not for loan Collection Home library Current library Shelving location Date acquired Total Checkouts Full call number Barcode Date last seen Price effective from Koha item type Copy number
    Dewey Decimal Classification     Fiction Footprints International School Library Network Toul Kork Campus Footprints International School Library Network Toul Kork Campus A TK Campus, 4th Floor, Room B401, Fiction Bookcases (1-6) 07/13/2023   KEL 823.92 FISTKG3B077 07/13/2023 07/13/2023 Books  
    Dewey Decimal Classification     Fiction Footprints International School Library Network Toul Tom Poung Campus Footprints International School Library Network Toul Tom Poung Campus TTP Secondary Fiction Bookshelves 05/08/2025   KEL 823.92 2025-1226 05/08/2025 05/08/2025 Books 2